NCAA Tournament #1 Seeds - Statistics

General Stats
  • This quiz has been taken 135 times
    110 since last reset
  • The average score is 28 of 43
Answer Stats
Teams % Correct
Duke
94%
Kansas
93%
North Carolina
91%
UCLA
88%
Baylor
86%
Kentucky
86%
Virginia
86%
Michigan
85%
Gonzaga
83%
Michigan State
83%
Arizona
79%
Florida
78%
Illinois
75%
Villanova
75%
Texas
74%
Oregon
73%
Louisville
71%
Indiana
70%
Oklahoma
70%
Wisconsin
70%
Ohio State
69%
Purdue
66%
Syracuse
66%
Connecticut
64%
Washington
63%
Arkansas
60%
Georgetown
60%
UNLV
60%
Maryland
59%
Memphis
59%
Auburn
55%
Wichita State
51%
Stanford
49%
Minnesota
48%
Xavier
48%
St. John's
43%
Cincinnati
40%
Wake Forest
40%
Pittsburgh
39%
Missouri
36%
St. Joseph's
35%
Temple
29%
Massachusetts
25%
No matching quizzes found
Score Distribution
Percent of People with Each Score
Percentile by Number Answered
Your Score History
You have not taken this quiz since the last reset